| 000 | 00647nam a22001457a 4500 | ||
|---|---|---|---|
| 005 | 20230610153116.0 | ||
| 008 | 230425b xxu||||| |||| 00| 0 eng d | ||
| 082 |
_a658.054 _bRAV |
||
| 100 | _aRavishankar K C Vivekanand | ||
| 245 |
_aಪುಟಾಣಿಗಳಿಗಾಗಿ ಅಂತರ್ಜಾಲ ನಿರ್ವಹಣೆ _bPutaanigaligagi antrjaal NirvhaNe _cRavishankar, K C Vivekanand |
||
| 260 |
_aBelagavi _bPrasaranga, Visveswaraya Technological University ( VTU ) _c2021 |
||
| 300 | _a64p. | ||
| 440 | _aJanpriya Taantrika Shikshana Maale (ಜನಪ್ರಿಯ ತಾಂತ್ರಿಕ ಶಿಕ್ಷಣ ಮಾಲೆ) | ||
| 650 | _aGeneral | ||
| 999 |
_c11620 _d11620 |
||